World Cities A-Z #4 - Statistics

General Stats
  • This quiz has been taken 493 times
    434 since last reset
  • The average score is 19 of 26
Answer Stats
Answer % Correct
A Biggest city in New Zealand Auckland
96%
O Capital of Canada Ottawa
96%
H Capital of Vietnam Hanoi
95%
I City that straddles Europe and Asia Istanbul
95%
V Smallest City-State Vatican City
93%
Z Biggest city in Croatia Zagreb
93%
B Capital of the EU Brussels
92%
T Capital of Tunisia Tunis
92%
W Home of the president of the USA Washington, D.C.
92%
F Morrocan city or type of hat Fez
88%
P One of the Korean Capitals Pyongyang
88%
R Christ the Redeemer Rio de Janeiro
88%
C Mexican resort city Cancun
84%
K Closest capital to Mt. Everest Kathmandu
83%
D The mile high city Denver
82%
G European headquarters of the UN Geneva
74%
M Olympics with a hostage situation Munich
74%
E Across the border from Juarez El Paso
64%
J Has the larget port on the red sea Jeddah
62%
N Once called New Amsterdam New York City
60%
L Home of the Kentucky Derby Louisville
59%
S Home of the Gateway Arch St. Louis
57%
Y Least populated capital city Yaren
39%
U Capital of the Republic of Bashkortostan Ufa
20%
Q Adventure capital of the world Queenstown
17%
X Capital of Veracruz Xalapa
10%
No matching quizzes found
Score Distribution
Percent of People with Each Score
Percentile by Number Answered
Your Score History
You have not taken this quiz since the last reset